Technischer Vertrieb - Statistiken

Allgemein
  • Dieses Quiz wurde 4 mal gespielt
  • Das Durchschnittsergebnis liegt bei 5 aus 7
Antwortstatistiken
Frage Antwort % Korrekt
Welcher Fragetyp ist die folgende Frage? - Finden Sie Produkt A oder B besser? Alternativfrage
100%
Wofür steht BATNA? best alternative to negotiated agreement
100%
Wo sind Farbe und Bezeichnung des DISG-Modells richtig zugeordnet? Blau-Denker
75%
Wie wird ein Lead bezeichnet bevor es in den Vertrieb übergeben wird? MQL
75%
Wofür steht die Abkürzung ZOPA? Zone of possible agreement
75%
Welcher Schritt gehört nicht zum 5 Punkte Plan? Argumente vorbereiten
50%
Was ist die erste Phase des Opportunity-Managements? Negotiation
0%
Keine übereinstimmenden Quizze gefunden
Verteilung der Resultate
Anzahl Personen mit jedem Resultat
Perzentil nach korrekt beantworteten Fragen
Ihre Resultats-Entwicklung
Sie haben dieses Quiz noch nicht gespielt